00366 2200133 4500001002100000005001500021035002000036245008000056100002500136260003600161082000800197084001400205990001300219INLIS00000000000239120250528115659 a0010-05250006831 aInstrumentalia Solo Klasik Gitar, Akustik dan Piano /cInung K. Arisasanska0 aInung K. Arisasanska aJakarta :bPusaka Picena,c2004 a786 a786 INU i a05201355